000 01341nam a2200325 a 4500
001 000114710
003 CHAP
005 20220329144454.0
008 180322s2018 mx a fsm |||||||spa d
010 _a111171
011 _a112143
040 _cCHAP
090 _aTesis
100 1 _aDíaz Pacheco, Javier
_9134986
245 1 0 _aCausales de procedimientos administrativos en materia aduanera y procedimientos administrativos por contribuciones omitidas ante el despacho aduanero; así como los medios de defensa /
_h[En línea]
_cpor Javier Díaz Pacheco.
260 _aChapingo, Méx. :
_bEl autor,
_c2018.
500 _aPara ver el contenido del material haga clic en la liga
502 _aTesis (Lic. en Comercio Internacional) -- UACH. División de Ciencias Económico Administrativas
590 _aE8697GMM
_b05
_c20180322
_lUCH01
_h1436
590 _aE8697GMM
_b05
_c20180322
_lUCH01
_h1437
590 _aE8697GMM
_b05
_c20180323
_lUCH01
_h1427
650 1 4 _aAduanas
_xSimplificación administrativa.
_9134995
650 1 4 _aAranceles
_zMexico
_96493
650 1 4 _aComercio exterior
_xSimplificación administrativa
_zMéxico.
_9125798
650 1 4 _aServicios públicos
_xControl de calidad.
_9130641
856 _aFinding aid
_uhttp://10.13.5.2/tesis/sist114710.pdf
_zTeclea aquí
901 _aBK
942 _cTESIS
942 _n0
999 _c111171
_d111171